LEADER 00611nam a2200169 i 4500 001 000000216948 003 CaOOAMICUS 005 20121115000000.0 008 121115s1844 it u000 u ita u 013 $a195844 040 $aSeMil$bita 245 10$aTomo 11. 300 $a396 p., [1] c. di tav. 773 0 $aScarpazza, Faustino$tTeologia morale, ossia Compendio di etica cristiana.$dPalermo : Tipografia di Antonio Muratori, 1843-1845.$g11$w()27680 850 $aSeMil 852 $aSeMil$W1$xVenegono$y1$m2E II 41 FA$j167364$B167364$CSeMilBibl$Z2$F178154 $8I 996 $6245$aTomo 11$9(OLS)http://semarc/title/194412 LEADER 00401nab a2200145 i 4500 001 000000278636 003 CaOOAMICUS 005 20130219000000.0 008 130219n xx uu u0 0und r 013 $a29734 040 $aSeMil$bita 245 10$a[SENZA TITOLO]. 500 $a2013/1. 773 0 $t2013.$dLeiden ; Boston : Brill, copyr. 2013.$w()218792 996 $6245$a[SENZA TITOLO]$9(OLS)http://semarc/title/354609